000 00590cam a2200217ua 4500
001 11918
008 190314n II |||gr||||Z||||||asm
040 _aMAIN
041 _aEnglish
041 _aasm
082 _a320 DAS
245 _aSTANIO SAWATTA SASAN
250 _a3RD.- 1982.
260 _aDU:
_bCO ORDINATION COMMITTEE.
300 _a300:
_c20CM.
500 _aDonated by Paran Bhuyan, Melachakar, Sibsagar on 11.03.2019
653 _aPolitical science
700 _aDAS, DR. MRIGENDRA NARAYAN. - AUTHOR.
700 _aBORGOHAIN, DR. MUNINDRA NATH,
_eAUTHOR.
942 _cBK
999 _c11883
_d11883